| 000 | 00662nam a2200193 i 4500 | ||
|---|---|---|---|
| 001 | 61313 | ||
| 003 | ES-MaACL | ||
| 005 | 20230906164428.0 | ||
| 007 | t| | ||
| 008 | 031111s1966 sp ||||1| spa d | ||
| 100 | 1 |
_aEvdokimov, Paul. _948382 |
|
| 245 | 1 | 0 |
_aSacramento del amor _b: el misterio conyugal a la luz de la tradición ortodoxa / _cPaul Evdokimov ; [traductor Manuel Anglada Ferrán]. |
| 250 | _a[1ª ed.]. | ||
| 260 |
_a[Barcelona] : _bAriel, _c[1966] |
||
| 300 |
_a284 p. ; _c19 cm. |
||
| 650 | 4 |
_aMatrimonio- _xAspectos religiosos- _xIglesia Ortodoxa. _9167453 |
|
| 700 | 1 |
_aAnglada Ferrán, Manuel. _921738 |
|
| 852 |
_aES-MaACL _jC-31036 _bR.61552 |
||
| 999 |
_c61313 _d61313 |
||